000 00644nam a2200253 i 4500
001 C2-0116365
003 PPAK
005 20180727105800.0
008 970721s1985 enk |||| ||||| | eng d
020 _a0850785936
040 _aPPAK
_beng
_cPPAK
_erda
082 0 4 _a363.73
_223
090 0 0 _a363.73
_bLAM
_dG
090 0 0 _a363.73
_bLAM
_dK
100 1 _aLambert, David,
_eauthor
245 1 0 _aPollution and conservation
264 1 _aHove :
_bWayland ,
_c1985
300 _a32 pages ;
_c23 cm
336 _2rdacontent
_atext
337 _2rdamedia
_aunmediated
338 _2rdacarrier
_avolume
650 1 0 _aPollution
942 _ddc
_cB
999 _c30558
_d30558